Loading...
| Fine Arts - Classical Music | 4 | 7.50 | 1,600% | 0% | 325% |
| Fine Arts - Other | 4 | 12.50 | 1,600% | 300% | 425% |
| Fine Arts - Painting & Sculpture | 2 | 15.00 | 4,050% | 450% | 400% |
| History - European | 2 | 10.00 | 0% | 200% | 400% |
| History - Other | 5 | 6.00 | 0% | 160% | 340% |
| History - World | 2 | 10.00 | 0% | 400% | 400% |
| Literature - American | 2 | 15.00 | 4,050% | 900% | 0% |
| Literature - British | 2 | 15.00 | 6,400% | 0% | 400% |
| Literature - European | 3 | 10.00 | 533% | 400% | 0% |
| Literature - World | 7 | 10.00 | 3,457% | 114% | 229% |
| Mythology | 2 | 15.00 | 3,200% | 200% | 400% |
| Other | 3 | 3.33 | 0% | 0% | 267% |
| Religion | 2 | 5.00 | 0% | 450% | 0% |
| Science - Biology | 6 | 11.67 | 1,350% | 0% | 883% |
| Science - Chemistry | 2 | 20.00 | 4,050% | 400% | 850% |
| Science - Other | 2 | 5.00 | 0% | 400% | 0% |
| Science - Physics | 1 | 0.00 | 0% | 0% | 0% |
| Social Science | 3 | 10.00 | 533% | 400% | 0% |